[Event "NED-ch U17 Girls"]
[Site "Venlo"]
[Date "2008.05.01"]
[Round "7"]
[White "Kok, Donna"]
[Black "Grijsbach, Annelies"]
[Result "1-0"]
[WhiteElo "1492"]
[BlackElo "1221"]
[PlyCount "39"]
[EventDate "2008.04.25"]
[EventType "swiss"]
[EventRounds "9"]
[EventCountry "NED"]
[SourceTitle "CBM 123 Extra"]
[Source "ChessBase"]
[SourceDate "2008.05.06"]
[SourceVersion "1"]
[SourceVersionDate "2008.05.06"]
[SourceQuality "1"]

1. e4 e5 2. Nf3 Nc6 3. Bc4 Nf6 4. d3 Bc5 5. c3 d5 6. exd5 Nxd5 7. Qb3 Na5 8. Qb5+ Nc6 9. Qxc5 Nf4 10. Bxf4 exf4 11. 0-0 Bd7 12. Re1+ Ne7 13. Ng5 0-0 14. Rxe7 b6 15. Qe5 Kh8 16. Nxf7+ Rxf7 17. Rxf7 Qg8 18. Rxd7 Re8 19. Rxg7 Rxe5 20. Rxg8# 1-0

[Event "NED-ch U17 Girls"]
[Site "Venlo"]
[Date "2008.04.28"]
[Round "4"]
[White "Kok, Donna"]
[Black "Van der Lende, Nathalie"]
[Result "0-1"]
[WhiteElo "1492"]
[BlackElo "1648"]
[PlyCount "126"]
[EventDate "2008.04.25"]
[EventType "swiss"]
[EventRounds "9"]
[EventCountry "NED"]
[SourceTitle "CBM 123 Extra"]
[Source "ChessBase"]
[SourceDate "2008.05.06"]
[SourceVersion "1"]
[SourceVersionDate "2008.05.06"]
[SourceQuality "1"]

1. e4 c5 2. Nf3 d6 3. d4 cxd4 4. Nxd4 Nf6 5. Nc3 g6 6. Bd3 Bg7 7. 0-0 0-0 8. Kh1 Nc6 9. Nf3 d5 10. exd5 Nxd5 11. Nxd5 Qxd5 12. Qe2 Bg4 13. Be4 Qe6 14. Qe3 Bxf3 15. Qxf3 Ne5 16. Qf4 Qb6 17. Rb1 Qa6 18. Be3 Qxa2 19. b3 Qa6 20. c4 f5 21. Bd5+ e6 22. Ra1 Nd3 23. Rxa6 Nxf4 24. Bxb7 Rab8 25. Rxa7 Rf7 26. Bxf4 Rbxb7 27. Rxb7 Rxb7 28. Rb1 e5 29. Bc1 Bf8 30. Bd2 e4 31. b4 Rd7 32. Be3 Bxb4 33. g3 Be7 34. c5 Rc7 35. Rc1 Kf7 36. c6 Ke6 37. Bb6 Rc8 38. c7 Bd6 39. Kg2 Kd7 40. Rd1 Kc6 41. Ba5 Bxc7 42. Bxc7 Rxc7 43. Rc1+ Kd6 44. Rxc7 Kxc7 45. Kf1 g5 46. Ke2 Kd6 47. f3 Ke5 48. h3 Kd4 49. h4 gxh4 50. gxh4 e3 51. h5 h6 52. Kd1 Kd3 53. Ke1 Kc2 54. Ke2 f4 55. Ke1 Kd3 56. Kd1 Kd4 57. Ke2 Ke5 58. Ke1 Kf5 59. Kf1 Kg5 60. Ke2 Kxh5 61. Kf1 Kh4 62. Kg2 h5 63. Kf1 Kg3 0-1

[Event "Twente Young Master op-C"]
[Site "Twente"]
[Date "2007.08.09"]
[Round "6"]
[White "Van Veelen, Thomas"]
[Black "Kok, Donna"]
[Result "1-0"]
[WhiteElo "1459"]
[BlackElo "1447"]
[PlyCount "47"]
[EventDate "2007.08.06"]
[EventType "swiss"]
[EventRounds "9"]
[EventCountry "NED"]
[SourceTitle "EXT 2008"]
[Source "ChessBase"]
[SourceDate "2007.11.25"]
[SourceVersion "1"]
[SourceVersionDate "2007.11.25"]
[SourceQuality "1"]

1. d4 d5 2. c4 e6 3. Nc3 Nf6 4. Nf3 Be7 5. e3 0-0 6. Bd3 b6 7. cxd5 exd5 8. 0-0 c5 9. b3 Nc6 10. Ne2 Bg4 11. Bb2 Bxf3 12. gxf3 Re8 13. Kh1 Bd6 14. Rg1 g6 15. dxc5 bxc5 16. Ng3 d4 17. Bb5 Qb6 18. Bxc6 Qxc6 19. exd4 cxd4 20. Bxd4 Bxg3 21. fxg3 Rad8 22. Rc1 Qd5 23. Bxf6 Qxd1 24. Rcxd1 1-0

[Event "Twente Young Master op-C"]
[Site "Twente"]
[Date "2007.08.08"]
[Round "5"]
[White "Kok, Donna"]
[Black "Wijshoff, Kasper"]
[Result "1-0"]
[WhiteElo "1447"]
[BlackElo "1551"]
[PlyCount "41"]
[EventDate "2007.08.06"]
[EventType "swiss"]
[EventRounds "9"]
[EventCountry "NED"]
[SourceTitle "EXT 2008"]
[Source "ChessBase"]
[SourceDate "2007.11.25"]
[SourceVersion "1"]
[SourceVersionDate "2007.11.25"]
[SourceQuality "1"]

1. e4 e5 2. Nf3 Nc6 3. Bc4 Bc5 4. c3 Nf6 5. d3 d5 6. exd5 Nxd5 7. Qb3 Nce7 8. Qb5+ c6 9. Qxc5 f6 10. 0-0 0-0 11. d4 b6 12. Qa3 exd4 13. Nxd4 c5 14. Nc2 Be6 15. Qb3 Qd6 16. Ne3 Bf7 17. Rd1 Rad8 18. Nxd5 Nxd5 19. Bxd5 Bxd5 20. c4 Rfe8 21. h3 1-0

[Event "Twente Young Master op-C"]
[Site "Twente"]
[Date "2007.08.07"]
[Round "3"]
[White "Kok, Donna"]
[Black "Laan, Kart"]
[Result "1/2-1/2"]
[WhiteElo "1447"]
[BlackElo "1680"]
[PlyCount "44"]
[EventDate "2007.08.06"]
[EventType "swiss"]
[EventRounds "9"]
[EventCountry "NED"]
[SourceTitle "EXT 2008"]
[Source "ChessBase"]
[SourceDate "2007.11.25"]
[SourceVersion "1"]
[SourceVersionDate "2007.11.25"]
[SourceQuality "1"]

1. e4 e5 2. Nf3 Nc6 3. Bc4 Nf6 4. d3 Bc5 5. Be3 Bb6 6. 0-0 0-0 7. c3 d6 8. Nbd2 Bg4 9. h3 Bh5 10. Qe2 Re8 11. Rfe1 Qd7 12. Rac1 h6 13. Bb5 a6 14. Ba4 Rad8 15. d4 Bxf3 16. Nxf3 exd4 17. cxd4 Qe7 18. d5 Nb4 19. Qc4 Qxe4 20. Bxh6 Qxc4 21. Rxc4 Rxe1+ 22. Nxe1 Nbxd5 1/2-1/2

[Event "Twente Young Master op-C"]
[Site "Twente"]
[Date "2007.08.07"]
[Round "2"]
[White "Slotboom, Annemarie"]
[Black "Kok, Donna"]
[Result "0-1"]
[WhiteElo "1215"]
[BlackElo "1447"]
[PlyCount "39"]
[EventDate "2007.08.06"]
[EventType "swiss"]
[EventRounds "9"]
[EventCountry "NED"]
[SourceTitle "EXT 2008"]
[Source "ChessBase"]
[SourceDate "2007.11.25"]
[SourceVersion "1"]
[SourceVersionDate "2007.11.25"]
[SourceQuality "1"]

1. d4 d5 2. Bf4 Nf6 3. Nf3 e6 4. e3 c5 5. c3 c4 6. b3 cxb3 7. axb3 Nc6 8. c4 Bb4+ 9. Nfd2 0-0 10. Bd3 Re8 11. cxd5 Qxd5 12. 0-0 b5 13. Qc2 Bb7 14. Nc3 Bxc3 15. Qxc3 Nxd4 16. e4 Nxe4 17. Nxe4 f5 18. f3 fxe4 19. fxe4 Qd7 20. Bc2 0-1

[Event "Twente Young Master op-C"]
[Site "Twente"]
[Date "2007.08.06"]
[Round "1"]
[White "Kok, Donna"]
[Black "Duburg, Jamie"]
[Result "0-1"]
[WhiteElo "1447"]
[BlackElo "1827"]
[PlyCount "54"]
[EventDate "2007.08.06"]
[EventType "swiss"]
[EventRounds "9"]
[EventCountry "NED"]
[SourceTitle "EXT 2008"]
[Source "ChessBase"]
[SourceDate "2007.11.25"]
[SourceVersion "1"]
[SourceVersionDate "2007.11.25"]
[SourceQuality "1"]

1. e4 d5 2. exd5 Qxd5 3. Nc3 Qa5 4. Nf3 Bg4 5. h3 Bh5 6. Bc4 Nd7 7. d3 Ngf6 8. 0-0 c6 9. Be3 Qc7 10. Re1 e6 11. a3 h6 12. Qe2 g5 13. Bd4 0-0-0 14. g4 Bg6 15. Bxf6 Nxf6 16. Bxe6+ Kb8 17. Bc4 Nd7 18. Ne5 Nxe5 19. Qxe5 Bd6 20. Qf6 Bc5 21. Qe5 Bd6 22. Qe3 h5 23. Qxg5 hxg4 24. hxg4 Rh2 25. Kf1 Rh1+ 26. Ke2 Re8+ 27. Ne4 Bxe4 0-1

[Event "NED-ch U13 Girls"]
[Site "Rijswijk"]
[Date "2005.05.06"]
[Round "4"]
[White "Kok, Donna"]
[Black "Bitalzadeh, Mahsa"]
[Result "1-0"]
[WhiteElo "1304"]
[BlackElo "1241"]
[PlyCount "149"]
[EventDate "2005.05.05"]
[EventType "swiss"]
[EventRounds "9"]
[EventCountry "NED"]
[SourceTitle "EXT 2013"]
[Source "ChessBase"]
[SourceDate "2012.11.22"]
[SourceVersion "1"]
[SourceVersionDate "2012.11.22"]
[SourceQuality "1"]

1. e4 e5 2. Nf3 Nc6 3. Bc4 h6 4. 0-0 Nf6 5. Nc3 Bc5 6. d3 0-0 7. Be3 Bb6 8. d4 d6 9. dxe5 dxe5 10. h3 Qxd1 11. Raxd1 Be6 12. Bb3 Rad8 13. Nh4 Rxd1 14. Rxd1 Bxe3 15. fxe3 Nh5 16. Nf5 Bxf5 17. exf5 Ng3 18. e4 Nd4 19. Kf2 Nh5 20. Rd3 Nf4 21. Rd2 g6 22. fxg6 Nxg6 23. g3 Kg7 24. Nd5 c6 25. Ne3 Ne7 26. c3 Nxb3 27. axb3 Ng6 28. Nf5+ Kh7 29. Rd7 b6 30. Rxa7 h5 31. Rc7 Kg8 32. Rxc6 Rd8 33. Ke3 Rd1 34. Rxb6 Rb1 35. Rb8+ Kh7 36. Rb7 Kg8 37. Nh6+ Kg7 38. Nxf7 Kf6 39. c4 Rxb2 40. Nd6 Rc2 41. Kd3 Rh2 42. h4 Rg2 43. Nf5 Nf8 44. c5 Ne6 45. Rb6 Kf7 46. b4 Rg1 47. c6 Rc1 48. Kd2 Rc4 49. Nd6+ Ke7 50. Nxc4 Kd8 51. Rb7 Nc7 52. Nxe5 Kc8 53. Nc4 Ne6 54. Nb6+ Kd8 55. Nd5 Kc8 56. b5 Kd8 57. b6 Kc8 58. c7 Kxb7 59. Ne7 Nxc7 60. bxc7 Kxc7 61. Kd3 Kd7 62. Nf5 Ke6 63. Kd4 Kf6 64. Kd5 Kf7 65. e5 Kf8 66. Kd6 Kf7 67. e6+ Ke8 68. e7 Kf7 69. Kd7 Kf6 70. e8Q Kxf5 71. Qxh5+ Kf6 72. Kd6 Kg7 73. Ke6 Kg8 74. Kf6 Kf8 75. Qf7# 1-0